Tilastot visalle Suomen suurimmat järvet

Klikkaa tästä pelataksesi tätä visaa!

Yleistilastot

  • Tätä visaa on pelattu 1 095 kertaa
  • Keskiarvotulos 8 / 30

Vastaustilastot

Pinta-ala (km²)Järvi% Oikein
1377,05Saimaa
98%
1080,63Päijänne
81%
1040,28Inarijärvi
66%
887,09Oulujärvi
59%
155,19 | 206,79Pyhäjärvi
56%
256,12Näsijärvi
56%
894,21Pielinen
54%
472,76Kallavesi
40%
493,59Keitele
35%
230,91Kemijärvi
33%
315,40Lokan tekojärvi
28%
330,76Puula
17%
167,02Koitere
15%
601,30Orivesi
14%
562,31Haukivesi
14%
420,86Puruvesi
14%
154,03Kivijärvi
12%
712,59Pihlajavesi
12%
189,18Konnevesi
11%
361,10Pyhäselkä
11%
282,64Höytiäinen
10%
237,31Yli-Kitka
9%
233,58Suvasvesi
7%
168,51Nilakka
7%
191,15Kiantajärvi
6%
164,47Iisvesi
6%
219,54Juojärvi
5%
196,68Enonvesi
4%
159,00Juurusvesi
3%

Tulosjakauma

Persentiili vastausten määrän mukaan

Jokaisen tuloksen saaneiden osuus

Tuloshistoriasi

Et ole pelannut tätä visaa